Stabilizowanie sektora bankowego w okresie kryzysu

Gespeichert in:
Bibliographische Detailangaben
Weitere Verfasser: Janc, Alfred
Format: Buch
Sprache:Polnisch
Veröffentlicht: Poznań Wydawnictwo Uniwersytetu Ekonomicznego w Poznaniu 2010
Schriftenreihe:Zeszyty naukowe 155
Schlagworte:
Tags: Tag hinzufügen
Keine Tags, Fügen Sie das erste Tag hinzu!

MARC

LEADER 00000nam a2200000 4500
001 0130297
005 20230116072831.3
020 |a 978-83-7417-513-5 
041 0 |a pol 
044 |a PL 
245 1 0 |a Stabilizowanie sektora bankowego w okresie kryzysu  |c redaktor naukowy Alfred Janc 
264 1 |a Poznań  |b Wydawnictwo Uniwersytetu Ekonomicznego w Poznaniu  |c 2010 
300 |a 215 s. 
490 1 |a Zeszyty naukowe  |v 155 
830 0 |a Zeszyty naukowe  |v 155 
610 2 0 |a banky 
610 2 0 |a bankovníctvo 
610 2 0 |a kríza finančná 
610 2 0 |a trh finančný 
610 2 0 |a integrácia ekonomická 
610 2 0 |a integrácia menová 
610 2 0 |a kontrola banková 
610 2 0 |a Poľsko 
700 1 |a Janc, Alfred